Introduction to stochastic programming
Αποθηκεύτηκε σε:
| Κύριος συγγραφέας: | |
|---|---|
| Άλλοι συγγραφείς: | |
| Μορφή: | Βιβλίο |
| Γλώσσα: | English |
| Δημοσίευση: |
New York :
Springer,
1997
|
| Σειρά: | Springer series in operations research
|
| Θέματα: | |
| Ετικέτες: |
Προσθήκη ετικέτας
Δεν υπάρχουν, Καταχωρήστε ετικέτα πρώτοι!
|
MARC
| LEADER | 00000nam a2200000 i 4500 | ||
|---|---|---|---|
| 001 | 1/51374 | ||
| 008 | 070809s1997 eng d | ||
| 020 | |a 0-387-98217-5 (hbk.) | ||
| 035 | |l 10089702 | ||
| 040 | |a GR-MY-UA |b gre |e aacr | ||
| 041 | 0 | |a eng | |
| 082 | 0 | |a 519.7 |2 (22) | |
| 100 | 1 | |a Birge, John R. | |
| 245 | 1 | 0 | |a Introduction to stochastic programming / |c John R. Birge, Francois Louveaux |
| 260 | |a New York : |b Springer, |c 1997 | ||
| 300 | |a xix, 421 σ.; |b σχ., πιν.; |c 24 εκ. | ||
| 490 | 1 | |a Springer series in operations research | |
| 504 | |a Βιβλιογραφία: σ. 387-410. Ευρετήριο | ||
| 650 | 0 | 0 | |a Stochastic programming. |
| 700 | 1 | |a Louveaux, Francois. | |
| 830 | 0 | |a Springer series in operations research | |
| 852 | |a INST |b CHIOS |e 20070809 |h 519.7 BIR |p 005200025797 |q 005200025797 |t BK |y 0 | ||
| 901 | |a BIBL2-2007-2 | ||
| 909 | |a Χ |b 136951 | ||
| 922 | |a 2ΕΛΗ |b 200707 |c ΕΠΕΑΕΚ2/ΤΜΟΔ |d ΠΑΠΑΣΩΤΗΡΙΟΥ | ||
| 970 | |a ΑΤΣΑΛΗ |b ΔΕΣΠΟΙΝΑ |z 2007/08/09 | ||